Viaje a la Alcarria
Gespeichert in:
| 1. Verfasser: | |
|---|---|
| Format: | Buch |
| Sprache: | Spanisch |
| Veröffentlicht: |
Madrid
Espasa-Calpe
1967
|
| Ausgabe: | 5a. ed |
| Schriftenreihe: | Colección Austral, 1141
|
| Schlagworte: | |
| Tags: |
Tag hinzufügen
Keine Tags, Fügen Sie den ersten Tag hinzu!
|
MARC
| LEADER | 00000cam a2200000 a 4500 | ||
|---|---|---|---|
| 001 | UCF6170 | ||
| 003 | CL-VaPUC | ||
| 008 | 130418e19670000SP |||||||||||||||||spa|d | ||
| 082 | 0 | 4 | |a 863 |b CEL |2 21 |
| 100 | 0 | |a Cela, Camilo José |e author |9 320105 | |
| 245 | 1 | 0 | |a Viaje a la Alcarria |
| 246 | 1 | 4 | |a Las botas de siete leguas |
| 250 | |a 5a. ed | ||
| 300 | |a 163 p | ||
| 942 | |c BK | ||
| 945 | |d 20130418 00:00:00 |a cmena | ||
| 260 | |a Madrid |b Espasa-Calpe |c 1967 | ||
| 650 | 0 | |a Novelas españolas |9 265052 | |
| 650 | 0 | |a Literatura española |9 306261 | |
| 583 | |a last modification |c 20130418 10:21:00 |k Rodrigo Vera | ||
| 490 | 0 | |a Colección Austral, 1141 | |
| 999 | |c 351483 |d 351481 | ||
| 952 | |0 0 |1 0 |4 0 |6 863_000000000000000_CEL_1967 |7 0 |8 A |9 455620 |a BIBEDU |b BIBEDU |d 2019-11-22 |i 4947576 |o 863 CEL 1967 |p 4947576 |r 2019-11-22 |w 2019-11-22 |y BK |k LIT | ||